[Event "SLO-chT2 West"]
[Site "Komenda"]
[Date "2022.11.26"]
[Round "5.4"]
[White "Lanjscek, Miha"]
[Black "Kocevar, Tugomir"]
[Result "1-0"]
[WhiteElo "1805"]
[BlackElo "1816"]
[PlyCount "75"]
[EventDate "2022.11.19"]
[EventType "team-tourn"]
[EventRounds "7"]
[EventCountry "SLO"]
[SourceTitle "EXT 2024"]
[Source "ChessBase"]
[SourceDate "2023.10.10"]
[SourceVersion "1"]
[SourceVersionDate "2023.10.10"]
[SourceQuality "1"]
[WhiteTeam "Gorenjka Lesce"]
[BlackTeam "Radovljica"]
[WhiteTeamCountry "SLO"]
[BlackTeamCountry "SLO"]

1. d4 d5 2. c4 Nf6 3. Nc3 g6 4. cxd5 Nxd5 5. Qb3 c6 6. e4 Nxc3 7. bxc3 Bg7 8. h4 h5 9. Bc4 0-0 10. a4 Nd7 11. Nf3 Nf6 12. Ng5 e6 13. 0-0 Re8 14. a5 Qc7 15. e5 Nd5 16. Ne4 Bd7 17. Nd6 Reb8 18. Bd3 b5 19. Qc2 f5 20. exf6 Bxf6 21. Ne4 Bxh4 22. Bg5 Bxg5 23. Nxg5 Qf4 24. Nh3 Qf6 25. Bxg6 h4 26. Rae1 Kg7 27. Re5 Nf4 28. Nxf4 Qxf4 29. Rfe1 Rh8 30. R1e4 Qf6 31. Rg4 Kf8 32. Re3 Ke7 33. Rf3 Qg7 34. Rf7+ Qxf7 35. Bxf7 Kxf7 36. Qg6+ Ke7 37. Qg7+ Kd6 38. Qe5+ 1-0

[Event "Ljubljana-chT 74th"]
[Site "Ljubljana"]
[Date "2022.03.10"]
[Round "8.3"]
[White "Rozic, Adrijan"]
[Black "Lanjscek, Miha"]
[Result "1-0"]
[WhiteElo "2043"]
[BlackElo "1769"]
[PlyCount "59"]
[EventDate "2022.01.13"]
[EventType "team-swiss"]
[EventRounds "9"]
[EventCountry "SLO"]
[SourceTitle "EXT 2024"]
[Source "ChessBase"]
[SourceDate "2023.10.10"]
[SourceVersion "1"]
[SourceVersionDate "2023.10.10"]
[SourceQuality "1"]
[WhiteTeam "Ig"]
[BlackTeam "Trzin Pecos Pub"]
[WhiteTeamCountry "SLO"]
[BlackTeamCountry "SLO"]

1. e4 c5 2. Nc3 Nc6 3. g3 g6 4. Bg2 Bg7 5. d3 Nf6 6. f4 d6 7. h3 a6 8. g4 e6 9. Nf3 Qc7 10. 0-0 0-0 11. Be3 Rb8 12. Ne2 b6 13. c3 Qe7 14. Ng3 Ne8 15. Qd2 f5 16. exf5 exf5 17. g5 Nc7 18. d4 cxd4 19. Nxd4 Nxd4 20. Bxd4 Nb5 21. Bxg7 Kxg7 22. Rfe1 Qd7 23. a4 Nc7 24. Rad1 b5 25. a5 Ne6 26. Rxe6 Bb7 27. Rxd6 Qc8 28. Rd7+ Kg8 29. Bxb7 Rxb7 30. Qd5+ 1-0

[Event "Ljubljana-chT 74th"]
[Site "Ljubljana"]
[Date "2022.02.17"]
[Round "6.2"]
[White "Hafner, Branko"]
[Black "Lanjscek, Miha"]
[Result "0-1"]
[WhiteElo "1491"]
[BlackElo "1769"]
[PlyCount "66"]
[EventDate "2022.01.13"]
[EventType "team-swiss"]
[EventRounds "9"]
[EventCountry "SLO"]
[SourceTitle "EXT 2024"]
[Source "ChessBase"]
[SourceDate "2023.10.10"]
[SourceVersion "1"]
[SourceVersionDate "2023.10.10"]
[SourceQuality "1"]
[WhiteTeam "Menges Trzin II"]
[BlackTeam "Trzin Pecos Pub"]
[WhiteTeamCountry "SLO"]
[BlackTeamCountry "SLO"]

1. e4 c5 2. f4 d5 3. e5 e6 4. Nf3 Be7 5. c3 Bh4+ 6. g3 Be7 7. Be2 d4 8. d3 Nh6 9. 0-0 0-0 10. Kg2 Nc6 11. a3 b6 12. h3 Bb7 13. Kh2 f6 14. b4 dxc3 15. bxc5 Bxc5 16. Nxc3 Nd4 17. Ne4 Bxe4 18. dxe4 Nxe2 19. Qxe2 Qe7 20. f5 Nf7 21. fxe6 Nxe5 22. Nxe5 fxe5 23. Bb2 Qxe6 24. Qh5 Bd4 25. Bxd4 exd4 26. Qe2 Rxf1 27. Rxf1 Rd8 28. Qd3 b5 29. Rf2 Qc4 30. Rd2 Qxd3 31. Rxd3 Kf7 32. Kg2 Ke6 33. Kf3 Ke5 0-1

[Event "SLO-chT Central 21st"]
[Site "Slovenia"]
[Date "2020.10.01"]
[Round "3.1"]
[White "Perme, Martin"]
[Black "Lanjscek, Miha"]
[Result "1-0"]
[WhiteElo "1534"]
[BlackElo "1775"]
[PlyCount "51"]
[EventDate "2020.09.17"]
[EventType "team-swiss"]
[EventRounds "5"]
[EventCountry "SLO"]
[SourceTitle "EXT 2024"]
[Source "ChessBase"]
[SourceDate "2023.10.10"]
[SourceVersion "1"]
[SourceVersionDate "2023.10.10"]
[SourceQuality "1"]
[WhiteTeam "Komenda Pogi"]
[BlackTeam "Trzin Pekos Pub"]
[WhiteTeamCountry "SLO"]
[BlackTeamCountry "SLO"]

1. e4 c5 2. Nf3 d6 3. d4 cxd4 4. Nxd4 Nf6 5. Nc3 a6 6. Be3 e5 7. Nf3 Be7 8. Bc4 0-0 9. 0-0 h6 10. Qd2 Nbd7 11. Nh4 Nxe4 12. Nxe4 Bxh4 13. Bxh6 gxh6 14. Qxh6 Nb6 15. Qg6+ Kh8 16. Bxf7 Rxf7 17. Qxf7 Qe7 18. Qh5+ Kg7 19. f4 d5 20. Ng5 Bxg5 21. fxg5 Nd7 22. Qh6+ Kg8 23. Qg6+ Qg7 24. Qe6+ Kh8 25. Rf7 Qxg5 26. Qh3+ 1-0

[Event "Ljubljana-chT 73rd"]
[Site "Ljubljana"]
[Date "2020.02.06"]
[Round "3.4"]
[White "Perme, Stanko"]
[Black "Lanjscek, Miha"]
[Result "0-1"]
[WhiteElo "1624"]
[BlackElo "1764"]
[PlyCount "76"]
[EventDate "2020.01.16"]
[EventType "team-swiss"]
[EventRounds "6"]
[EventCountry "SLO"]
[SourceTitle "EXT 2024"]
[Source "ChessBase"]
[SourceDate "2023.10.10"]
[SourceVersion "1"]
[SourceVersionDate "2023.10.10"]
[SourceQuality "1"]
[WhiteTeam "Komenda Pogi"]
[BlackTeam "Trzin Buscotrade"]
[WhiteTeamCountry "SLO"]
[BlackTeamCountry "SLO"]

1. e4 c5 2. Nf3 d6 3. d4 cxd4 4. Nxd4 Nf6 5. Bb5+ Bd7 6. Bxd7+ Nbxd7 7. Nc3 g6 8. 0-0 Bg7 9. Be3 0-0 10. Bg5 Qb6 11. Rb1 h6 12. Be3 Qd8 13. Qd2 Kh7 14. Rfe1 Ng4 15. h3 Nxe3 16. Qxe3 Rc8 17. Ndb5 a6 18. Nd4 Qb6 19. Nd5 Qxd4 20. Qxd4 Bxd4 21. Nxe7 Rxc2 22. Rbd1 Bxf2+ 23. Kf1 Bxe1 24. Kxe1 Rxg2 25. Rxd6 Ne5 26. Rb6 Nd3+ 27. Kd1 Rxb2 28. Rd6 Nf2+ 29. Kc1 Re2 30. Rb6 Rd8 31. Nd5 Rc8+ 32. Kb1 Nd3 33. Nf6+ Kh8 34. Ka1 Rc1+ 35. Rb1 Ree1 36. a4 Rxb1+ 37. Ka2 Rb2+ 38. Ka3 Ra1# 0-1